000 00594nam a2200193Ia 4500
005 20250508162150.0
008 008 250505s9999 xx 000 0 eng d
037 _aDissertations
040 _aFEDL
_beng
_cFEDL
041 _aeng
_2eng
084 _a370.1, MAT/DI
_qFEDL
100 _aMathur Jayshree
245 0 _aPhilosophical analysis of the concept of equality - A probe for implications in educational theory
260 _c1979
300 _a139p.
546 _aM.Phil Dissertation, (Delhi University)
942 _cDIS
_h370.1, MAT/DI
999 _c1374767
_d1374767